| 000 | 00956cam a2200205 4500 | ||
|---|---|---|---|
| 001 | WB3732-25 | ||
| 008 | 010822n2001 000 0 eng u | ||
| 035 | _a(Sirsi) u114269 | ||
| 245 | _aCML's housing forecasts | ||
| 260 | _c2001 | ||
| 490 |
_aCouncil of Mortgage Lenders Press Release _v21 August 2001, (2) |
||
| 520 | _aAnticipating a slowdown in house price inflation and lending growth in 2002, the Council of Mortgage Lenders (CML) has issued revised housing market forecasts. While predicting a rise of 11% in house prices by the end of 2001, in 2002 and 2003 it anticipates rises of 3% pa. Copies of CML's housing forecasts, published in CML News & Views on 24 August 2001, is available on request. | ||
| 590 | _aWB | ||
| 650 | _aCOUNCIL OF MORTGAGE LENDERS | ||
| 650 | _aFORECASTS | ||
| 650 | _aHOUSE PRICE INFLATION | ||
| 650 | _aMORTGAGE LENDING | ||
| 690 | _aPROPERTY-RESIDENTIAL PROPERTY-RESIDENTIAL PROPERTY MARKET | ||
| 942 | _n0 | ||
| 999 |
_c68065 _d68065 |
||